000
00246nam a2200097Ia 4500
001
958843
005
20250826215912.0
008
250824s9999 xx 000 0 und d
245
0
_a
BEN HEP KAYBETTİM
_c
MEHMET ALİ KILIÇ
260
_b
DESTEK YAYINLARI
999
_c
958843
_d
958843